| 000 | 00377nam a2200145Ia 4500 | ||
|---|---|---|---|
| 008 | 090122s9999 xx 000 0 und d | ||
| 082 |
_b6791 _a824 |
||
| 100 |
_aKorane _bR.R. |
||
| 245 | _aTypical Essays Letters & Stories | ||
| 600 | _aKorane | ||
| 630 | _aTypical Essays Letters & Stories | ||
| 700 | _aKorane | ||
| 730 | _aTypical Essays Letters & Stories | ||
| 942 | _cBOOK | ||
| 999 |
_c30868 _d30868 |
||